000 00704nam a2200241Ia 4500
005 20260430150354.0
008 008 250103s9999 xx 000 0 eng d
037 _aTheses
040 _aCRL
040 _beng
040 _ceng
041 _2eng
041 _aeng
084 _qCRL
100 _aP.Arun Au.; Singh Ujjwal Kumar Gu.
_91237294
245 0 _aCommunications Survillance in Democracy: A Comparative Study of India, United States of America and United Kingdom
260 _c2022
300 _a414p.
650 _aPolitical Science
700 _aUniversity of Delhi. Faculty of Social Sciences. Deptt. of Political Science
_91237295
942 _cTH
999 _c1849627
_d1849627